000 01082nam a2200229 a 4500
001 44187
005 20180714022943.0
008 140415s1997 sp 000 0 spa d
020 _a8433913603
041 _aspa
082 _a700.1
_bHUG
100 1 _aHUGHES, ROBERT
245 1 2 _aA TODA CRITICA :
_bENSAYOS SOBRE ARTE Y ARTISTAS
250 _a2a ed.
260 _aESPAÑA :
_bANAGRAMA,
_c1997
300 _a497
_cx 14 x 21.8
490 _aARGUMENTOS
520 _aROBERT HUGHES, REUNE EN ATODA CRÍTICA CASI UN CENTENAR DE SUS MEJORES ENSAYOS SOBRE EL TEMA. QUE CORROBORAN BRILLANTEMENTE LA AFIRMACION DE MARTIN FILLER: ES EL MAS ICONOCLASTA CRÍTICO DEL ARTE EN AMERICA... Y EL MEJOR. DESDE LEONARDO HASTA WARHOL, DE NORMAN ROCKWELL A PABLO PICASSO, PASANDO POR LA MAS ATRACTIVA GAMA DE ARTISTAS Y EPOCAS, YA SE TRATE DE GOYA, HOCKNEY, MONET, DE KOONING, RODIN, ETC. EL AUTOR NO SE LIMITA A ANALIZAR LA OBRA DE ELLOS SURGIDA, SINO QUE LA CONTEXTUA
650 1 4 _aARTE
_xCRTICA
700 1 _aCOSCARELLI, ALBERTO
_etr.
740 _aNOTHING IF NOT CRITICAL
999 _c44187
_d44187